Chotā shahr baṛe log : (Record no. 329889)
[ view plain ]
| 000 -LEADER | |
|---|---|
| fixed length control field | 00878cam a22002777a 4500 |
| 001 - CONTROL NUMBER | |
| control field | 14945428 |
| 003 - CONTROL NUMBER IDENTIFIER | |
| control field | NUST |
| 005 - DATE AND TIME OF LATEST TRANSACTION | |
| control field | 20170614135853.0 |
| 008 - FIXED-LENGTH DATA ELEMENTS--GENERAL INFORMATION | |
| fixed length control field | 070730s2007 pk 000 1 urd |
| 010 ## - LIBRARY OF CONGRESS CONTROL NUMBER | |
| LC control number | 2007377888 |
| 020 ## - INTERNATIONAL STANDARD BOOK NUMBER | |
| International Standard Book Number | 9789693519983 |
| 020 ## - INTERNATIONAL STANDARD BOOK NUMBER | |
| International Standard Book Number | 9693519981 |
| 025 ## - OVERSEAS ACQUISITION NUMBER | |
| Overseas acquisition number | P-U-2007377888; 10; 11 |
| 040 ## - CATALOGING SOURCE | |
| Original cataloging agency | DLC |
| Transcribing agency | DLC |
| Modifying agency | DLC |
| 042 ## - AUTHENTICATION CODE | |
| Authentication code | lcode |
| 050 00 - LIBRARY OF CONGRESS CALL NUMBER | |
| Classification number | MLCSA 2007/01548 (P) |
| 082 ## - DEWEY DECIMAL CLASSIFICATION NUMBER | |
| Classification number | 891.4392 |
| Author Mark | QUD |
| 100 0# - MAIN ENTRY--PERSONAL NAME | |
| Personal name | Bāno Qudsiyah, |
| Dates associated with a name | 1928-2017. |
| 9 (RLIN) | 1163 |
| 245 10 - TITLE STATEMENT | |
| Title | Chotā shahr baṛe log : |
| Remainder of title | ḍrāme / |
| Statement of responsibility, etc. | Bāno Qudsiyah. |
| 246 1# - VARYING FORM OF TITLE | |
| Display text | Title on t.p. verso, CIP data: |
| Title proper/short title | Chotta shehar baray log |
| 260 ## - PUBLICATION, DISTRIBUTION, ETC. | |
| Place of publication, distribution, etc. | Lāhore : |
| Name of publisher, distributor, etc. | Sang-i Mīl Pablīkeshanz, |
| Date of publication, distribution, etc. | 2007. |
| 300 ## - PHYSICAL DESCRIPTION | |
| Extent | 360 p. ; |
| Dimensions | 21 cm. |
| 500 ## - GENERAL NOTE | |
| General note | Plays. |
| 546 ## - LANGUAGE NOTE | |
| Language note | In Urdu. |
| 650 ## - SUBJECT ADDED ENTRY--TOPICAL TERM | |
| Topical term or geographic name entry element | Urdu Literature |
| Form subdivision | Darama |
| 9 (RLIN) | 1491 |
| 880 ## - ALTERNATE GRAPHIC REPRESENTATION | |
| Title | چھوٹا شہر بڑے لوگ |
| Linkage | 245-02\(3\r |
| c | بانو قدسیہ |
| 880 ## - ALTERNATE GRAPHIC REPRESENTATION | |
| Title | بانو قدسیہ |
| Linkage | 100-01\(3\r |
| 880 ## - ALTERNATE GRAPHIC REPRESENTATION | |
| Title | لاہور: |
| Linkage | 260-03\(3\r |
| b | سنگ میل پبلی کیشنز، |
| c | 2007 |
| 906 ## - LOCAL DATA ELEMENT F, LDF (RLIN) | |
| a | 7 |
| b | cbc |
| c | origode |
| d | 4 |
| e | ncip |
| f | 20 |
| g | y-gencatlg |
| 942 ## - ADDED ENTRY ELEMENTS (KOHA) | |
| Source of classification or shelving scheme | |
| Koha item type | Book |
| Withdrawn status | Lost status | Source of classification or shelving scheme | Damaged status | Not for loan | Permanent Location | Current Location | Shelving location | Date acquired | Total Checkouts | Total Renewals | Full call number | Barcode | Date last seen | Date last checked out | Copy number | Price effective from | Koha item type |
|---|---|---|---|---|---|---|---|---|---|---|---|---|---|---|---|---|---|
| Central Library (CL) | Central Library (CL) | Fiction | 05/29/2017 | 11 | 6 | 891.4392 QUD | CL1844 | 07/02/2025 | 06/04/2025 | 1 | 05/29/2017 | Book |
